000 01351cam a22003133a 4500
001 3132
003 PGUSA
005 20140828083026.0
008 041010s2004||||xxu|||||s|||||000 | eng d
040 _aPGUSA
_beng
042 _adc
050 4 _aPS
100 1 _aWarner, Charles Dudley,
_d1829-1900
245 1 0 _aIn the Wilderness
_h[electronic resource] /
_cCharles Dudley Warner
260 _bProject Gutenberg,
_c2004
505 0 _aHow I killed a bear -- Lost in the woods -- A fight with a trout -- A-hunting of the deer -- A character study (Old Phelps) -- Camping out -- A wilderness romance -- What some people call pleasure.
506 _aPublic domain in the USA.
516 _aElectronic text
653 _aAdirondack Mountains (N.Y.) -- Intellectual life -- 19th century
653 _aWilderness areas -- New York (State) -- Adirondack Mountains
653 _aAdirondack Mountains (N.Y.) -- Biography
653 _aAuthors, American -- 19th century -- Biography
653 _aWarner, Charles Dudley, 1829-1900 -- Homes and haunts -- New York (State) -- Adirondack Mountains
653 _aAdirondack Mountains (N.Y.) -- Description and travel
653 _aNatural history -- New York (State) -- Adirondack Mountains
830 0 _aProject Gutenberg
_v3132
856 4 0 _uhttp://www.gutenberg.org/ebooks/3132
942 _cEB
999 _c232461
_d232461